Counselling children : (Record no. 331049)

000 -LEADER
fixed length control field 01342cam a2200373 i 4500
001 - CONTROL NUMBER
control field 17463099
003 - CONTROL NUMBER IDENTIFIER
control field NUST
005 - DATE AND TIME OF LATEST TRANSACTION
control field 20180117090031.0
008 - FIXED-LENGTH DATA ELEMENTS--GENERAL INFORMATION
fixed length control field 120914s2013 ea a b 001 0 eng
010 ## - LIBRARY OF CONGRESS CONTROL NUMBER
LC control number 2012949475
020 ## - INTERNATIONAL STANDARD BOOK NUMBER
International Standard Book Number 9781446256534 (hbk)
020 ## - INTERNATIONAL STANDARD BOOK NUMBER
International Standard Book Number 9781446256541 (pbk)
040 ## - CATALOGING SOURCE
Original cataloging agency DLC
Language of cataloging eng
Description conventions rda
Transcribing agency DLC
042 ## - AUTHENTICATION CODE
Authentication code pcc
050 00 - LIBRARY OF CONGRESS CALL NUMBER
Classification number RJ504
Item number .G44 2013
082 00 - DEWEY DECIMAL CLASSIFICATION NUMBER
Classification number 618.92/8914
Edition number 23
100 1# - MAIN ENTRY--PERSONAL NAME
Personal name Geldard, Kathryn.
9 (RLIN) 4477
245 10 - TITLE STATEMENT
Title Counselling children :
Remainder of title a practical introduction /
Statement of responsibility, etc. Kathryn Geldard, David Geldard, and Rebecca Yin Foo.
250 ## - EDITION STATEMENT
Edition statement Fourth edition.
264 #1 - PRODUCTION, PUBLICATION, DISTRIBUTION, MANUFACTURE, AND COPYRIGHT NOTICE
Place of production, publication, distribution, manufacture Los Angeles :
Name of producer, publisher, distributor, manufacturer Sage,
Date of production, publication, distribution, manufacture, or copyright notice 2013.
300 ## - PHYSICAL DESCRIPTION
Extent ix, 342 pages :
Other physical details illustrations ;
Dimensions 25 cm
336 ## - CONTENT TYPE
Content type term text
Content type code txt
Source rdacontent
337 ## - MEDIA TYPE
Media type term unmediated
Media type code n
Source rdamedia
338 ## - CARRIER TYPE
Carrier type term volume
Carrier type code nc
Source rdacarrier
650 #0 - SUBJECT ADDED ENTRY--TOPICAL TERM
Topical term or geographic name entry element Children
General subdivision Counseling of.
9 (RLIN) 4090
650 #0 - SUBJECT ADDED ENTRY--TOPICAL TERM
Topical term or geographic name entry element Child psychotherapy.
9 (RLIN) 4089
700 1# - ADDED ENTRY--PERSONAL NAME
Personal name Geldard, David.
9 (RLIN) 4479
700 1# - ADDED ENTRY--PERSONAL NAME
Personal name Foo, Rebecca Yin.
9 (RLIN) 4481
906 ## - LOCAL DATA ELEMENT F, LDF (RLIN)
a 7
b cbc
c origcop
d 2
e epcn
f 20
g y-gencatlg
942 ## - ADDED ENTRY ELEMENTS (KOHA)
Source of classification or shelving scheme
Koha item type Book
Holdings
Withdrawn status Lost status Source of classification or shelving scheme Damaged status Not for loan Collection code Permanent Location Current Location Shelving location Date acquired Total Checkouts Full call number Barcode Date last seen Price effective from Koha item type
            Central Library (CL) Central Library (CL) General Stacks 08/29/2017   618.92/8914 GEL S3H-C-150 08/29/2017 08/29/2017 Book
© 2023 Central Library, National University of Sciences and Technology. All Rights Reserved.